Phê bình, bình luận văn học; T36 : Bùi Hiển, Trần Đăng, Kim Lân, Nguyễn Trung Thành, Nguyễn Minh Châu

Salvato in:
Dettagli Bibliografici
Natura: Libro
Lingua:Undetermined
Pubblicazione: Tp. HCM Văn nghệ Tp. HCM 1995
Soggetti:
Tags: Aggiungi Tag
Nessun Tag, puoi essere il primo ad aggiungerne! !
Thư viện lưu trữ: Trung tâm Học liệu Trường Đại học Cần Thơ
LEADER 00564nam a2200157Ia 4500
001 CTU_119
008 210402s9999 xx 000 0 und d
082 |a 809 
082 |b Ph250/T36 
245 0 |a Phê bình, bình luận văn học; T36 : 
245 0 |b Bùi Hiển, Trần Đăng, Kim Lân, Nguyễn Trung Thành, Nguyễn Minh Châu 
260 |a Tp. HCM 
260 |b Văn nghệ Tp. HCM 
260 |c 1995 
650 |a Vietnamese literature - 20th century - history and criticism 
980 |a Trung tâm Học liệu Trường Đại học Cần Thơ